| 000 | 00807nam a2200241Ia 4500 | ||
|---|---|---|---|
| 003 | OSt | ||
| 005 | 20220923211233.0 | ||
| 006 | a|||||r|||| 00| 0 | ||
| 007 | ta | ||
| 008 | Pun | ||
| 020 |
_a9788171434695 (hbk) _c300 |
||
| 024 | _a243,726 | ||
| 037 |
_b198, 08/10/2010, H.K. Prakashan _cTextual |
||
| 040 |
_aARTS _cARTS _bPun |
||
| 041 |
_2Pun _aPun |
||
| 082 | _aO153,2N08:g, P9 | ||
| 100 | _aਹਰਜੀਤ ਕੌਰ | ||
| 245 | 0 |
_aਨਾਟਕਕਾਰ ਸੰਤ ਸਿੰਘ ਸੇਖੋ੍ਵ _b ਵਿਚਾਰਧਾਰਕ ਪਰਿਪੇਖ |
|
| 260 |
_aਅੰਮ੍ਰਿਤਸਰ _b ਰਵੀ ਸਾਹਿਤ _c2009 |
||
| 300 |
_a248ਪੰ _ccm. |
||
| 942 |
_hO153,2N08:g, P9 _cTEXL _2CC |
||
| 999 |
_c297421 _d297421 |
||